00413nam a2200169Ia 4500008004100000041001200041082001800053100001600071245003300087365000900120520001200129546001200141630003300153650001200186655001200198730003300210101110s9999 xx 000 0 und d aENGLISH bSR6647a535.2 aMathur B.K. aGeometrical & Physicl Optics b10.5 aPhysics aENGLISH aGeometrical & Physicl Optics aPhysics aPhysics aGeometrical & Physicl Optics